000 00589nam a2200193Ia 4500
008 151119s9999||||xx |||||||||||||| ||und||
082 _a891.463
082 _bGKKV7690
100 _aकाशीकर एस एम
245 _aम्हातारा एक कोटीचा
260 _a--
260 _b--
260 _c1992
600 _aकाशीकर एस एम
630 _aम्हातारा एक कोटीचा
700 _aकाशीकर एस एम
730 _aम्हातारा एक कोटीचा
942 _cBOOK
999 _c1062304
_d1062301